000 00868nam a2200301Ia 4500
001 16822
003 IT-RoPAU
008 130308s9999 xx 000 0 und d
040 _aIT-RoPAU
040 _cIT-RoPAU
041 _aITALIANO
100 _aDonizetti Ferreira Paulo
100 _gCodice Aut. SPICS: 31798
245 _aCome si scrive e si parla alla radio
245 _bRicerche Sulla Radiofonia
250 _a1a ed.
260 _aROMA
260 _bSPICS
260 _c1984 [1° Ed.:1984 - Ed.Ling.Originale:1984]
300 _a"11 p. (prefazione: no ; testo: 11)"
500 _aEvitare nel Radioascoltatore Il complesso di Inferiorità Culturale regole per la Stesura di un testo Radiofonico
650 _aELABORATI STUDENTI SPICS
650 _eCodice materia Spics: 9905
942 _cBK
957 _71
999 _c64937
_d64937
999 _bSI
999 _g1